Competitions des groupes et de l'etat pour la maitrise des techniques de diffusion (Les) (Record n. 64614)

Dettagli MARC
000 -LEADER
fixed length control field 00988nam a2200301Ia 4500
001 - CONTROL NUMBER
control field 15964
003 - CONTROL NUMBER IDENTIFIER
control field IT-RoPAU
008 - FIXED-LENGTH DATA ELEMENTS--GENERAL INFORMATION
fixed length control field 130308s9999 xx 000 0 und d
040 ## - CATALOGING SOURCE
Original cataloging agency IT-RoPAU
040 ## - CATALOGING SOURCE
Transcribing agency IT-RoPAU
041 ## - LANGUAGE CODE
Language code of text/sound track or separate title FRANCESE
999 ## - SYSTEM CONTROL NUMBERS (KOHA)
Koha Dewey Subclass [OBSOLETE] SI
100 ## - MAIN ENTRY--PERSONAL NAME
Personal name Rivero Jean
100 ## - MAIN ENTRY--PERSONAL NAME
Miscellaneous information Codice Aut. SPICS: 2006
245 ## - TITLE STATEMENT
Title Competitions des groupes et de l'etat pour la maitrise des techniques de diffusion (Les)
245 ## - TITLE STATEMENT
Remainder of title Techniques de Diffusion Dans la Civilisation Contemporaine (Les)
250 ## - EDITION STATEMENT
Edition statement 1a ed.
260 ## - PUBLICATION, DISTRIBUTION, ETC. (IMPRINT)
Place of publication, distribution, etc. LYON
260 ## - PUBLICATION, DISTRIBUTION, ETC. (IMPRINT)
Name of publisher, distributor, etc. Chronique Sociale De France
260 ## - PUBLICATION, DISTRIBUTION, ETC. (IMPRINT)
Date of publication, distribution, etc. 1955 [1° Ed.:1955 - Ed.Ling.Originale:1955]
300 ## - PHYSICAL DESCRIPTION
Extent "21 p. (prefazione: no ; testo: 21 [pagine: 179-199])"
500 ## - GENERAL NOTE
General note Competizione dei gruppi e degli Stati nelle Tecniche di Diffusione Natura delle Competizioni Interessi
650 ## - SUBJECT ADDED ENTRY--TOPICAL TERM
Topical term or geographic name as entry element CONVEGNI/MANIFESTAZIONI PASTORALE D.CS
650 ## - SUBJECT ADDED ENTRY--TOPICAL TERM
Relator term Codice materia Spics: 9315
942 ## - ADDED ENTRY ELEMENTS (KOHA)
Koha item type LIBRO
957 ## -
-- 1
999 ## - SYSTEM CONTROL NUMBERS (KOHA)
-- 1
Dati di copia
Withdrawn status Lost status Damaged status Not for loan Home library Current library Date acquired Total Checkouts Full call number Date last seen Price effective from Koha item type Public note
    Buone Condizioni Not For Loan SPICS-MEDIATECA SPICS-MEDIATECA 08/03/2013   15964 08/03/2013 08/03/2013 LIBRO Progressivo inserimento: 59916 / N. Volumi: 0 [=Contributo] Copie: 1 Copia Rara: SI / data import: 1 marzo 2013 - By Epidotti, Trombetti, Vaglietti.
CREDITS: SOCIETA' SAN PAOLO Via A.Severo, 58 - ROMA (RM) & PERIODICI SAN PAOLO SRL Via Giotto, 36 MILANO & CISF Via Giotto, 36 MILANO & EDIZIONI SAN PAOLO SRL,  Piazza Soncino, 5 CINISELLO BALSAMO (MI) -- ITALY